SME friendly aneb jak na to jdou v Asii

Fungovanie bankovníctva v ázijských krajinách a v južnom Pacifiku. Rozvoj malého a stredného podnikania a čo musia urobiť banky v týchto krajinách, keď sa rozhodnú pomôcť budovať malé a stredné podnikanie v dnešnom náročnom prostredí.

Salvato in:
Dettagli Bibliografici
Autore principale: Sobková, Martina
Natura: Capitolo di libro
Lingua:ceco
Soggetti:
Tags: Aggiungi Tag
Nessun Tag, puoi essere il primo ad aggiungerne!!

MARC

LEADER 00000naa a2200000 4500
001 0228007
005 20170309132509.2
041 0 |a cze 
044 |a CZ 
245 1 0 |a SME friendly aneb jak na to jdou v Asii  |c Martina Sobková 
520 |a Fungovanie bankovníctva v ázijských krajinách a v južnom Pacifiku. Rozvoj malého a stredného podnikania a čo musia urobiť banky v týchto krajinách, keď sa rozhodnú pomôcť budovať malé a stredné podnikanie v dnešnom náročnom prostredí. 
610 2 0 |a Ázia 
610 2 0 |a južný Pacifik 
610 2 0 |a služby bankové 
610 2 0 |a služby finančné 
610 2 0 |a financovanie podnikov 
610 2 0 |a banky 
610 2 0 |a bankovníctvo investičné 
100 1 |a Sobková, Martina